Statistics for Historical Places by a Clue #1

Click here to take the quiz!

General Stats

  • This quiz has been taken 43 times
  • The average score is 17 of 26

Answer Stats

LetterHintAnswer% Correct
BHome to Hanging GardensBabylon
97%
FCity of the Medici FamilyFlorence
89%
MLed by Genghis and Kublai KhanMongolia
81%
SFormer name of ThailandSiam
81%
DIts empire once included Iceland and NorwayDenmark
78%
PFormer name of BeijingPeking
78%
QDynasty that might have gave China its nameQin
78%
JTarget of the CrusadesJerusalem
76%
OThey took over the ByzantinesOttoman
76%
RAll roads lead to itRome
76%
ERuled by the Ptolemaic DynastyEgypt
73%
VWhere the Tet offensive took place in its namesake warVietnam
73%
HLost Transylvania to RomaniaHungary
70%
CCapital of the RajCalcutta
68%
ZCombined with Tanganyika to form TanzaniaZanzibar
68%
IConquered by Francisco PizarroInca
62%
YCrimean city that was the site of a WW2 conferenceYalta
62%
AModern day EthiopiaAbyssinia
59%
KLed by Pol PotKhmer
59%
LCapital of the Largest empire everLondon
59%
TThe Seljuks were these peopleTurks
54%
XFormerly Chang'anXian
54%
WNamesake of Interwar GermanyWeimar
49%
GPredecessor to the Mali EmpireGhana
41%
UCaliphate before the AbbasidUmayyad
30%
NWhere the Musket Wars took placeNew Zealand
22%

Score Distribution

Percentile by Number Answered

Percent of People with Each Score

Your Score History

You have not taken this quiz